Datum a čas kvízu

42.5 Celkem bodů Celkový počet nahraných bodů na tomto kvízu bez doplňovacích otázek.
1. Pořadí na kvízu Konečné umístění týmu na tomto kvízu.

Zaznamenané odpovědi

# Otázka Odpověď Body Výsledky
1. Čtveřice samců kriticky ohrože... C) sudokopytníci 1
2. Umělec Banksy minulý týden v n... v Londýně 0
3. Která fiktivní česká loutková... Hurvínek 1
4. V arménském hlavním městě Jere... o osla 1
5. Minulý týden skončilo mistrovs... třetí 1
6. Ve filmu Sedm sledujeme detekt... obžerství 1
7. Tato fotka z filmu Americké ps... Christian Bale 0
8. Postava Karla Kopfrkingla je p... chrám smrti 1
9. Přiřaďte zločince k jejich fil... 1C 2D 3A 4B 1
10. Mladý syn se poprvé přímo zapo... Kmotr, Mario Puzo 1